Congreso Nacional de publicidad / organizado por Publi-Club. Barcelona, 30 y 31 de agosto de 1929
Descripción Física:
59 p. ; 22 cm
Materias:
Publicitat -- Congressos
MARC
| LEADER | 00000nam a2200000Ia 4500 | ||
|---|---|---|---|
| 001 | 11627 | ||
| 008 | 160829s9999 xx 000 0 cat d | ||
| 080 | |a C-1-506 | ||
| 100 | |a Congreso Nacional de Publicidad (1929 : Barcelona) |9 22364 | ||
| 245 | |a Congreso Nacional de publicidad / organizado por Publi-Club. Barcelona, 30 y 31 de agosto de 1929 | ||
| 260 | |a Barcelona : |b (N.A.G.S.A.), [s.a.] | ||
| 300 | |a 59 p. ; |c 22 cm | ||
| 590 | |a A la contra-coberta: Ponencias del Congreso, Observaciones, Programa de los actos del congreso | ||
| 650 | |a Publicitat |x Congressos |9 38575 | ||
| 901 | |a Arxiu | ||
| 942 | |n 1 | ||
| 952 | |0 0 |1 0 |4 0 |6 C1506 |7 1 |9 42187 |a Arxiu |b Arxiu |d 2016-12-01 |l 0 |o C-1-506 |p 11627 |r 2016-12-01 00:00:00 |w 2016-12-01 |y ARXIU | ||
| 999 | |c 44634 |d 44634 | ||